| 000 | 00447 a2200181 4500 | ||
|---|---|---|---|
| 001 | 067093 | ||
| 003 | OSt | ||
| 005 | 20211028153631.0 | ||
| 008 | |||
| 082 |
_a005.133 _bD53P |
||
| 100 | 1 | _aDey, Pradip | |
| 245 | 1 |
_aProgramming in C _cby Pradip Dey and Manas Ghosh |
|
| 260 |
_aNew Delhi _bOxford |
||
| 300 | _a779p. | ||
| 690 | _aC (Computer program language) | ||
| 700 | _aGhosh, Manas | ||
| 942 |
_2ddc _cBK |
||
| 999 |
_c1077 _d1077 |
||